Information governance and assurance :reducing risk, promoting policy

Kaydedildi:
Detaylı Bibliyografya
Yazar: MACLENNAN, Alan
Materyal Türü: Kitap
Dil:İngilizce
Baskı/Yayın Bilgisi: Facet Publishers 2014
Etiketler: Etiketle
Etiket eklenmemiş, İlk siz ekleyin!

MARC

LEADER 00000nam a22000007a 4500
008 240311b |||||||| |||| 00| 0 eng d
020 |a 9781856049405 
100 |a MACLENNAN, Alan 
245 |a Information governance and assurance  |b :reducing risk, promoting policy  |c Alan Maclennan  |g vii,196p. 
260 |b Facet Publishers  |c 2014  |h London  |i 9781856049405  |l JF1351.M11  |m Public administration  |m Policy sciences 
500 |a It includes index 
942 |a lcc  |c BK  |e Adeyemo O.O  |f 11/03/2024 
952 |0 0  |1 0  |2 lcc  |4 0  |6 JF1351 M11  |7 0  |9 4956  |a MPL  |b HOL  |c GJ  |d 2024-03-11  |l 0  |o JF1351.M11  |p 2024-0207  |r 2024-03-11 00:00:00  |t 696884  |w 2024-03-11  |y BK 
952 |0 0  |1 0  |2 lcc  |4 0  |6 JF1351 M11  |7 0  |9 4957  |a HOL  |b HOL  |c GJ  |d 2024-03-11  |l 0  |o JF1351.M11  |p 2024-0208  |r 2024-03-11 00:00:00  |t 696885  |w 2024-03-11  |y BK 
999 |c 2460  |d 2460